Trouve ces 10 groupes de Kpop qui ont 4 lettres - Rapidité - Statistiques

Statistiques générales
  • Ce quiz a été pris 201 fois
  • Le résultat moyen est 2 sur 10
Statistiques - réponses
Hint Réponse % Correct
2 Itzy
58%
4 2ne1
39%
1 Kard
38%
3 BTOB
24%
7 Got7
20%
8 Exid
18%
6 Ikon
18%
5 Day6
17%
9 Epex
7%
10 Unis
7%
Aucun quiz correspondant
Distribution des résultats
% des personnes avec chaque résultat
Percentile par nombre de réponses
Votre historique - résultats
Vous n’avez pas pris ce quiz